00250nam a2200109Ia 4500008004100000082001600041100001800057245002200075260002700097300000800124650000800132191201s2012 xx 000 0 und d a658.87bBAR aBAJAJ, Chetan 0aRetail Management aN. DelhibOxfordc2012 a772 aBBA